000 00618nam a2200241Ia 4500
003 OSt
005 20220924135437.0
006 a|||||r|||| 00| 0
007 ta
008 220923b |||||||| |||| 00| 0 ben d
020 _c50
024 _a291203
037 _cTextual
040 _aARTS
_cARTS
_bben
041 _2ben
_aben
082 _aO152,3x, 157N5
100 _aGangopadhyay Sunil Ed.
_9176477
245 0 _aNirbachita hindi galpa
260 _c1995
650 _aHINDI LITERATURE
_923866
942 _hO152,3x, 157N5
_cTEXL
_2CC
999 _c440725
_d440725